| 000 | 00751nam a2200277 a 4500 | ||
|---|---|---|---|
| 003 | AR-BaBNM | ||
| 005 | 20251128205115.0 | ||
| 008 | 082120s2002 ||||||||||||||000 | spa|| | ||
| 020 | _a950-25-0069-5 | ||
| 040 | _cAR-BaBNM | ||
| 100 | 1 | _aHilb, Claudia | |
| 245 | 0 | 0 |
_aLa nueva izquierda argentina _b1960-1980 : política y violencia |
| 260 |
_aBuenos Aires _bCentro Editor de América Latina _c1984 |
||
| 300 | _a129 p. | ||
| 490 | 0 |
_aBiblioteca política argentina _vv. 70 |
|
| 650 | 4 | _aPOLITICA | |
| 650 | 4 | _aSOCIALISMO | |
| 650 | 4 | _aPROBLEMAS SOCIALES | |
| 650 | 4 | _aVIOLENCIA | |
| 650 | 4 | _aTERRORISMO | |
| 651 | 4 | _aArgentina | |
| 700 | 1 | _aLutzky, Daniel | |
| 800 | 1 |
_aTroncoso, Oscar _edirector |
|
| 942 | _cBK | ||
| 998 | _cEnrique | ||
| 999 |
_c10014 _d10014 |
||